00994nam a2200241 a 450000100060000000300080000600500170001400800410003102000150007203500190008704000530010604100080015908200270016724500940019426000270028830000280031550002570034350400390060065000190063965100190065870000200067771000550069765329BD-RjUL20211209081418.0170401s1973 enk b 101 0 eng d a0714629723 a(BD-RjUL)65459 aDLCcDLCdm.c.dOCLdOSUdPGPdBD-RjULdm/cbeng aeng 223a297.0961bNOR 197300aNorthern Africa : bIslam and modernization /cedited with introduction by Michael Brett. aLondon :bCass,c1973. axxvii, 177 p. ;c23 cm. apapers on the theme of Islamization, modernization, nationalism and independence presented and discussed at a symposium arranged by the African Studies Association of the United Kingdom on the occasion of its annual general meeting, 14, September 1971. aIncludes bibliographies and index. 0aIslamzAfrica. 0aAfrica, North.1 aBrett, Michael.2 aAfrican Studies Association of the United Kingdom.